"We are not French" : language, culture and identity in Brittany
Αποθηκεύτηκε σε:
| Κύριος συγγραφέας: | |
|---|---|
| Μορφή: | Βιβλίο |
| Γλώσσα: | English |
| Δημοσίευση: |
London :
Routledge,
1989
|
| Θέματα: | |
| Ετικέτες: |
Προσθήκη ετικέτας
Δεν υπάρχουν, Καταχωρήστε ετικέτα πρώτοι!
|
MARC
| LEADER | 00000nam a2200000 i 4500 | ||
|---|---|---|---|
| 001 | 1/5122 | ||
| 008 | 960514s1989 eng d | ||
| 020 | |a 0-415-00632-5 | ||
| 035 | |l 10015894 | ||
| 040 | |a GR-MY-UA |b gre |e aacr | ||
| 041 | 0 | |a eng | |
| 082 | 0 | |a 944.1 | |
| 100 | 1 | |a McDonald, Maryon. | |
| 245 | 1 | 0 | |a "We are not French" : |b language, culture and identity in Brittany / |c Maryon McDonald |
| 260 | |a London : |b Routledge, |c 1989 | ||
| 300 | |a 384 p. | ||
| 504 | |a Includes bibliographical references and index | ||
| 650 | 0 | 0 | |a Nationalism |z France |z Brittany. |
| 650 | 0 | 0 | |a Breton language |x Study and teaching. |
| 650 | 0 | 0 | |a Breton language |x Political aspects. |
| 650 | 0 | 0 | |a Celts |z France |z Brittany |x History. |
| 650 | 0 | 0 | |a Separatists |z France |z Brittany |x History |y 20th century. |
| 651 | 0 | |a Brittany (France) |x History |x Autonomy and independence movements. | |
| 852 | |a INST |b LESVOS |e 19960514 |h 944.1 MCD |p 005100010252 |q 005100010252 |t BK |y 0 | ||
| 909 | |a Λ |b 044025 | ||